[Event "IND-chT"]
[Site "Gurgaon"]
[Date "2010.02.25"]
[Round "6"]
[White "Jain Singhai, Niklesh N"]
[Black "Singh, Arvinder Preet"]
[Result "1-0"]
[WhiteElo "1966"]
[BlackElo "2156"]
[PlyCount "165"]
[EventDate "2010.02.21"]
[EventType "team"]
[EventRounds "9"]
[EventCountry "IND"]
[SourceTitle "CBM 135 Extra"]
[Source "ChessBase"]
[SourceDate "2010.05.04"]
[SourceVersion "1"]
[SourceVersionDate "2010.05.04"]
[SourceQuality "1"]

1. Nf3 d5 2. g3 Nf6 3. Bg2 c6 4. d3 Bg4 5. Nbd2 Nbd7 6. d4 e6 7. 0-0 Bd6 8. Re1 0-0 9. e4 Nxe4 10. Nxe4 dxe4 11. Rxe4 Nf6 12. Bg5 Bf5 13. Re1 h6 14. Bxf6 Qxf6 15. Ne5 Rfd8 16. c3 Rab8 17. Qe2 Qe7 18. Nc4 Bc7 19. Rad1 Qg5 20. Ne3 Bg6 21. f4 Qa5 22. Nc4 Qb5 23. Ne5 Qxe2 24. Rxe2 Bh5 25. Bf3 Bxf3 26. Nxf3 Rd6 27. Nd2 Rbd8 28. Ne4 Rd5 29. Red2 Bb6 30. Kf1 f5 31. Nf2 c5 32. Re2 cxd4 33. c4 R5d6 34. Nd3 Bc7 35. c5 Rc6 36. b4 b5 37. a4 Rb8 38. a5 Rd8 39. Nc1 g5 40. Nb3 d3 41. Re3 gxf4 42. Rexd3 Rxd3 43. Rxd3 e5 44. gxf4 a6 45. fxe5 Bxe5 46. Nd4 Rg6 47. Nxf5 Rf6 48. Rf3 Kf8 49. Kg2 Ke8 50. Nd6+ Kd7 51. Rxf6 Bxf6 52. Ne4 Be5 53. h3 Kc6 54. Kf3 Kd5 55. Nf2 Kd4 56. Ke2 Bg3 57. Nd3 Kc4 58. Ke3 Bc7 59. Ke4 h5 60. c6 Bd6 61. Nc5 Kxb4 62. Nxa6+ Kxa5 63. c7 Bxc7 64. Nxc7 b4 65. Kd3 Kb6 66. Ne6 Kc6 67. Ng7 Kd5 68. Nxh5 Ke5 69. h4 Kf5 70. Ng3+ Kg4 71. h5 Kg5 72. Kc4 Kh6 73. Kxb4 Kg5 74. Kc5 Kh6 75. Kd6 Kh7 76. Ke6 Kg7 77. Kf5 Kh6 78. Kf6 Kh7 79. Kg5 Kg7 80. Nf5+ Kh7 81. h6 Kg8 82. Kg6 Kh8 83. Nd6 1-0

[Event "Commonwealth-ch"]
[Site "New Delhi"]
[Date "2007.12.07"]
[Round "7"]
[White "Jain Singhai, Niklesh N"]
[Black "Nimmy, A George"]
[Result "0-1"]
[WhiteElo "1977"]
[BlackElo "2196"]
[PlyCount "57"]
[EventDate "2007.12.03"]
[EventType "swiss"]
[EventRounds "10"]
[EventCountry "IND"]
[SourceTitle "CBM 121 Extra"]
[Source "ChessBase"]
[SourceDate "2008.01.10"]
[SourceVersion "1"]
[SourceVersionDate "2008.01.10"]
[SourceQuality "1"]

1. e4 c5 2. Nf3 d6 3. d4 cxd4 4. Nxd4 Nf6 5. Nc3 Nc6 6. f3 e5 7. Nb3 Be7 8. Be3 0-0 9. Qd2 a5 10. Bb5 Be6 11. a3 d5 12. exd5 Nxd5 13. Nxd5 Qxd5 14. Qxd5 Bxd5 15. c4 Be6 16. Bc5 Bxc5 17. Nxc5 Nd4 18. Rc1 Rac8 19. Nxe6 fxe6 20. Rc3 Rc5 21. a4 e4 22. fxe4 Rf4 23. Kd2 Rxe4 24. Re1 Rf4 25. Ke3 e5 26. Rd1 Kf7 27. Rd2 Ke6 28. b3 Rc8 29. Rb2 0-1

[Event "Calvi Balagne op 04th"]
[Site "Calvi"]
[Date "2007.03.02"]
[Round "7"]
[White "Boukobza, Adrien"]
[Black "Jain Singhai, Niklesh N"]
[Result "0-1"]
[WhiteElo "2192"]
[BlackElo "1955"]
[PlyCount "116"]
[EventDate "2007.02.26"]
[EventType "swiss"]
[EventRounds "7"]
[EventCountry "FRA"]
[SourceTitle "CBM 117 Extra"]
[Source "ChessBase"]
[SourceDate "2007.05.09"]
[SourceVersion "1"]
[SourceVersionDate "2007.05.09"]
[SourceQuality "1"]

1. d4 d5 2. c4 e6 3. Nc3 Nf6 4. Bg5 Be7 5. e3 0-0 6. Nf3 h6 7. Bh4 Ne4 8. Bxe7 Qxe7 9. Qc2 Nxc3 10. bxc3 Nd7 11. cxd5 exd5 12. Bd3 c5 13. 0-0 c4 14. Bf5 Nf6 15. Bxc8 Rfxc8 16. Ne5 Nd7 17. Nxd7 Qxd7 18. e4 dxe4 19. Qxe4 Re8 20. Qf3 Re7 21. Rab1 Rae8 22. Rb4 b5 23. Qh5 a6 24. a4 Re1 25. Rb1 Rxb1 26. Rxb1 bxa4 27. Qa5 Qb5 28. Qxb5 axb5 29. Kf1 Rb8 30. Ke2 Kf8 31. Kd2 Ke7 32. Kc2 Kd6 33. Re1 f6 34. Kb2 b4 35. cxb4 Rxb4+ 36. Kc3 Rb7 37. Kxc4 a3 38. Ra1 Ra7 39. Ra2 g6 40. Kd3 Kd5 41. Kc3 h5 42. Kd3 g5 43. Kc3 f5 44. g3 f4 45. gxf4 gxf4 46. Kd3 Ra4 47. Kc3 Rc4+ 48. Kb3 Rxd4 49. Kxa3 Rd3+ 50. Kb4 Rh3 51. Rd2+ Ke4 52. Kc4 Kf3 53. Kd4 Rxh2 54. Ke5 Rh4 55. Kf5 Kg2 56. Kg5 Rg4+ 57. Kf5 f3 58. Rb2 Rg7 0-1